Kształty państw na litere W - Statystyki

Ogólne statystyki
  • Ten quiz został rozwiązany 81 razy
  • Średni wynik to 9 z 10
Statystyki odpowiedzi
Obrazkowy Odpowiedź % Poprawnych
Włochy
99%
Wielka brytania
97%
Wietnam
97%
Watykan
95%
Wenezuela
95%
Węgry
86%
Wyspy marshalla
79%
Wyspy salomona
79%
Wybrzeże kości słoniowej
73%
Wyspy świętego tomasza i książęca
73%
Nie znaleziono quizów pasujących do podanych kryteriów
Rozkład punktacji
Procent ludzi z każdym wynikiem
Percentyl według liczby udzielonych odpowiedzi
Twoja historia wyników
Nie rozwiązałeś tego quizu